000 00415pab a2200157 454500
008 180718b2003 xxu||||| |||| 00| 0 eng d
100 _aWhiteley, Paul
245 _aThe state of participation in Britain
260 _c2003
300 _ap.610-15.
362 _aOct
650 _aGreat Britain - Politics and government
650 _aPolitics and government
773 _aParliamentary Affairs
909 _a58698
999 _c58698
_d58698